| 000 | 00460nam a2200181Ia 4500 | ||
|---|---|---|---|
| 001 | 23696 | ||
| 005 | 20260414150954.0 | ||
| 008 | 260414t2013||||xx |||||||||||||| ||spa|| | ||
| 041 | _aESP | ||
| 082 |
_a690.24 _bJ419 |
||
| 100 |
_aJawadekar, Salil, _eAUT |
||
| 245 | 2 |
_aA case study of the use of BIM and COBie for facility management _b |
|
| 260 | _c2013 | ||
| 300 |
_a97 páginas : _c23 cm. |
||
| 650 | _a0 | ||
| 654 | _aCIC | ||
| 942 |
_cLIB _dJUS _fJUS _2ddc _n |
||
| 999 |
_c23696 _d23696 |
||